| 000 | 00785nam a2200229 a 4500 | ||
|---|---|---|---|
| 008 | 120416s1968 ||||||||||||||||| || u | ||
| 020 | _a0521072042 | ||
| 050 | _aJN 955 Aff | ||
| 100 | _aGoldthorpe, John H | ||
| 245 | 1 | 4 | _aThe affluent worker |
| 246 | _apolitical attitudes and behavior | ||
| 260 |
_aLondon _bCambridge University Press _c1968 |
||
| 300 | _aviii, 95p. : ill. | ||
| 350 | _a0.00 | ||
| 490 | _aCambridge studies in sociology, 2 | ||
| 500 | _aBibliography: p. 92-93. | ||
| 650 | _aVOTING--GREAT BRITAIN | ||
| 650 | _aPOLITICAL PSYCHOLOGY | ||
| 650 | _aPOLITICS | ||
| 650 | _aELECTIONS--GREAT BRITAIN | ||
| 995 |
_D0.00 _FCBU-MAIN LIBRARY (Kitwe) _H1 _I2.30 _M1 _UAVAILABLE _ZAnnex Low-Usage Collection |
||
| 999 |
_c33652 _d33652 |
||